000 00895nam a22002177a 4500
001 EIF-IV-1999-M1-002
003 OSt
005 20221107085724.0
008 221107b |||||||| |||| 00| 0 eng d
040 _aFundación Jesús Pereda
_cFundación Jesús Pereda
041 _aCastellano
100 _uIES "Francés de Aranda", Teruel
_aBarrado García, Javier
_9278
111 _aEncuentro de Investigadores del Franquismo
_c(Valencia.
_d1999.
_n4º)
_996
245 _aMujeres y derrota.
_bLa represión de la mujer en el Teruel de posguerra (1939)
_c/Javier Barrado García
650 0 _9134
_aEstudio de género
650 0 _9145
_aRepresión
651 0 _9279
_aAragón
_zTeruel
773 _tActas del IV Encuentro de Investigadores del Franquismo
_g007-011 p.
856 _uhttps://bibliotecaccoocyl.fundacionjesuspereda.es/cgi-bin/koha/opac-retrieve-file.pl?id=8a08dfc16bcfd2583fa120266e90197e
942 _2ddc
_cCF
_n0
999 _c114
_d114